Organizational behavior and management / (Record no. 1513)
[ view plain ]
| 000 -LEADER | |
|---|---|
| fixed length control field | 01128nac a22002531u 4500 |
| 010 ## - LIBRARY OF CONGRESS CONTROL NUMBER | |
| LC control number | 2004053065 |
| 020 ## - INTERNATIONAL STANDARD BOOK NUMBER | |
| International Standard Book Number | 007287516X (alk. paper) |
| 082 00 - DEWEY DECIMAL CLASSIFICATION NUMBER | |
| Classification number | 658.4 |
| Item number | I932 |
| 090 ## - LOCALLY ASSIGNED LC-TYPE CALL NUMBER (OCLC); LOCAL CALL NUMBER (OCLC) | |
| -- | 1481 |
| -- | 1481 |
| 100 ## - MAIN ENTRY--PERSONAL NAME | |
| Personal name | Ivancevich, John M. |
| 245 10 - TITLE STATEMENT | |
| Title | Organizational behavior and management / |
| Statement of responsibility, etc | John M. Ivancevich, Robert Konopaske, Michael T. Matteson. |
| 250 ## - EDITION STATEMENT | |
| Edition statement | 7th ed. |
| 260 ## - PUBLICATION, DISTRIBUTION, ETC. (IMPRINT) | |
| Place of publication, distribution, etc | Boston : |
| Name of publisher, distributor, etc | McGraw-Hill/Irwin,2005 |
| Date of publication, distribution, etc | c2005. |
| 300 ## - PHYSICAL DESCRIPTION | |
| Extent | xviii, 702 p. : |
| Other physical details | ill. ; |
| Dimensions | 27 cm. |
| 500 ## - GENERAL NOTE | |
| General note | "Registration code" inserted. |
| 504 ## - BIBLIOGRAPHY, ETC. NOTE | |
| Bibliography, etc | Includes bibliographical references (p. 641-676) and index. |
| 650 #0 - SUBJECT ADDED ENTRY--TOPICAL TERM | |
| Topical term or geographic name as entry element | Organizational behavior. |
| 700 1# - ADDED ENTRY--PERSONAL NAME | |
| Personal name | Konopaske, Robert. |
| 700 1# - ADDED ENTRY--PERSONAL NAME | |
| Personal name | Matteson, Michael T. |
| 856 41 - ELECTRONIC LOCATION AND ACCESS | |
| Materials specified | Table of contents |
| Uniform Resource Identifier | <a href="http://www.loc.gov/catdir/toc/mh041/2004053065.html">http://www.loc.gov/catdir/toc/mh041/2004053065.html</a> |
| 942 ## - ADDED ENTRY ELEMENTS (KOHA) | |
| Item type | |
| Call number prefix | 658.4I932 |
| Withdrawn status | Item status | Damaged status | Not for loan | Home library | Current library | Shelving location | Date acquired | Source of acquisition | Total Checkouts | Total Renewals | Full call number | Barcode | Date last seen | Date last borrowed | Koha item type |
|---|---|---|---|---|---|---|---|---|---|---|---|---|---|---|---|
| Central Library | Central Library | First floor | 31/10/2006 | Purchase | 4 | 6 | 658.4 IVA | 000002908 | 15/07/2025 | 19/03/2016 | Book - Borrowing | ||||
| Central Library | Central Library | First floor | 31/10/2006 | Purchase | 7 | 7 | 658.4 IVA | 000002879 | 15/07/2025 | 22/11/2016 | Book - Borrowing | ||||
| Central Library | Central Library | First floor | 31/10/2006 | Purchase | 1 | 658.4 IVA | 000002849 | 15/07/2025 | 24/09/2008 | NB - Book (Non borrowing) |